000 00262nam a22001097a 4500
020 _a07-050588-8
082 _a621.042 PLA'N
245 _aPLANT ENERGY SYSTEMS ENERGY SYSTEMS ENGINEERING
260 _aNEWYORK
_bMCGRAW HILL
_c1967
300 _a465P
942 _cBK
999 _c582760
_d582760